Prime Numbers - Sudden Death - Statistics

General Stats
  • This quiz has been taken 32 times
  • The average score is 3 of 12
Answers on the Grid
Answers color-coded by a green-red scale on the quiz's grid according to % correct below.
1
29
47
73
91
117
139
161
201
253
287
335
371
427
463
511
579
647
691
739
783
809
851
911
997
1001
1357
1789
1939
2025
 
Answer Stats
Answer % Correct
29
96%
47
76%
73
64%
139
32%
463
4%
647
4%
739
4%
809
4%
911
4%
1789
0%
691
0%
997
0%
No matching quizzes found
Score Distribution
Percent of People with Each Score
Percentile by Number Answered
Your Score History
You have not taken this quiz